Countries with the most IKEA Stores - Statistics

General Stats
  • This quiz has been taken 55 times
  • The average score is 22 of 26
Answer Stats
Hint Answer % Correct
15 Canada
100%
36 France
100%
30 Spain
100%
41 China
98%
55 Germany
98%
22 United Kingdom
98%
52 United States of America
98%
10 Australia
95%
23 Italy
95%
12 Japan
95%
7 Norway
95%
20 Sweden
95%
5 Finland
91%
5 Denmark
86%
13 Netherlands
86%
11 Poland
86%
8 Belgium
84%
9 Switzerland
84%
8 Austria
82%
5 Portugal
82%
5 Greece
80%
5 India
80%
7 Turkey
68%
7 Indonesia
45%
7 Taiwan
45%
7 Israel
25%
No matching quizzes found
Score Distribution
Percent of People with Each Score
Percentile by Number Answered
Your Score History
You have not taken this quiz